00629 a2200181 4500003000400000005001700004008004100021020001800062040000900080082001800089100001900107245006900126260004000195300001400235942004200249952013900291999001700430OSt20250704110825.0250704b |||||||| |||| 00| 0 eng d a9788123917221 coclc a543.08bGRA/I aGray, N910604 aInstrumental methods of analysis /cN Gray, M Calvin, S C Bhatia aNew Delhi:bCBS Publishers, c2011. a584 pages 2ddccBKh543.08iGRA/Ik543.08mGRA/I 00102ddc40708CHEMISTRYaMESbMEScCHEd2025-07-04l1o543.08 GRA/Ip46070r2025-10-29 13:03:31s2025-10-17w2025-07-04yBKzGL27R2 c44607d44607